00786pam a2200217 i 45000010005000000030008000050050017000130080039000300200015000690350018000840400032001020410008001340820021001421110099001632450104002622600040003663000026004065040041004326500040004737000055005136313BD-RjUL20211208234225.0140109s1975 nyu b 100 0 eng a0120596504 a(BD-RjUL)6353 aDLCcDLCdDLCdBD-RjULbeng aeng00a515.35bINI 19752 aInternational Conference on Differential Equations,cUniversity of Southern California,d1974.10aInternational Conference on Differential Equations :b[proceedings] /cedited by H. A. Antosiewicz. aNew York :bAcademic Press,cc1975. axix, 834 p. ;c24 cm. aIncludes bibliographical references. 0aDifferential equationsxCongresses.1 aAntosiewicz, Henry A.q(Henry Albert),d1925-2004.